| 000 | 00955nam a22003017a 4500 | ||
|---|---|---|---|
| 003 | DO-SdBPM | ||
| 005 | 20260217102738.0 | ||
| 007 | ta | ||
| 008 | 171117b1997 sp |||| 00| 0 spa d | ||
| 020 | _a9788408020813 | ||
| 040 |
_aDO-SdBPM _bspa _cBPMSU _erda |
||
| 082 | 4 |
_a863.6 _bR565m 1997 _222 |
|
| 100 | 1 |
_aRigalt, Carmen _eautor _4aut. |
|
| 245 | 1 | 0 |
_aMi corazón que baila con espigas / _cCarmen Rigalt |
| 264 |
_aBarcelona : _bPlaneta, _c1997. |
||
| 300 |
_a228 páginas ; _c23 cm. |
||
| 336 |
_atexto _btxt _2rdacontent |
||
| 337 |
_asin mediación _bn _2rdamedia |
||
| 338 |
_avolumen _bnc _2rdacarrier |
||
| 490 | 0 | _aAutores españoles e hispanoamericanos | |
| 586 | _aFinalista Premio Planeta 1997 | ||
| 590 | _aInventariado, 2026/VM | ||
| 650 | 7 | _a Novela española | |
| 650 | 7 |
_aRelaciones de parejas _vNovelas |
|
| 830 | 0 | _aAutores españoles e hispanoamericanos | |
| 910 | _aVMateo V. Control de calidad. BPMSU | ||
| 942 |
_2ddc _cBK |
||
| 999 |
_c12941 _d12941 |
||